International arrangements for nuclear fuel reprocessing (Record no. 47282)

MARC details
000 -LEADER
fixed length control field 00768nam a2200193 a 4500
008 - FIXED-LENGTH DATA ELEMENTS--GENERAL INFORMATION
fixed length control field 060424s1977 ||||||||||||||||| || u
020 ## - INTERNATIONAL STANDARD BOOK NUMBER
International Standard Book Number 0884100529
050 ## - LIBRARY OF CONGRESS CALL NUMBER
Classification number TK 9360 Int
100 ## - MAIN ENTRY--PERSONAL NAME
Personal name Chayes, Abram
245 10 - TITLE STATEMENT
Title International arrangements for nuclear fuel reprocessing
Statement of responsibility, etc. edited by Abram Chayes
260 ## - PUBLICATION, DISTRIBUTION, ETC.
Place of publication, distribution, etc. Cambridge, Mass.
Name of publisher, distributor, etc. Ballinger Pub. Co
Date of publication, distribution, etc. 1977
300 ## - PHYSICAL DESCRIPTION
Extent xx, 251 p. : ill.
350 ## - PRICE (NR) (BK AM CF MU VM SE) [OBSOLETE]
Price 0.00
500 ## - GENERAL NOTE
General note Includes bibliographies and index.
650 ## - SUBJECT ADDED ENTRY--TOPICAL TERM
Topical term or geographic name entry element REACTOR FULE PROCESSING--INTERNATIONAL COOPERATION
650 ## - SUBJECT ADDED ENTRY--TOPICAL TERM
Topical term or geographic name entry element NUCLEAR INDUSTRY - SECURITY MEASURES
700 ## - ADDED ENTRY--PERSONAL NAME
Personal name Lewis, W. Bennett
995 ## - RECOMMENDATION 995 [LOCAL, UNIMARC FRANCE]
-- 0.00
-- CBU-MAIN LIBRARY (Kitwe)
-- 1
-- 10.30
-- AVAILABLE
-- Main Library Open Access Collection
Holdings
Withdrawn status Lost status Source of classification or shelving scheme Damaged status Not for loan Home library Current library Shelving location Date acquired Total Checkouts Full call number Barcode Date last seen Price effective from Koha item type
          CBU-MAIN LIBRARY, KITWE. CBU-MAIN LIBRARY, KITWE.   11/30/2022   TK 9360 Int 015766 11/30/2022 11/30/2022 MONOGRAPH